000 00711 aa a2200205 4500
008 081020t xxu||||| |||| 00| 0 eng d
010 _aENG-84082
020 _a817629795X
020 _c1280.00 (hb)
035 _aEN-67615
082 _a658.047
100 _aNakkiran, S
245 _aCooperative management:
_bprinciples and techniques /
_cby S Nakkiran
260 _aNew Delhi
_bDeep and Deep Publications
260 _c2006
300 _axiii,648p
_c24cm
500 _aIncludes index
942 _2ddc
_cEN
_h658.047
_m NAK
999 _c17049
_d17049